| 000 | 00909cam a2200253 a 4500 | ||
|---|---|---|---|
| 001 | 2577514 | ||
| 005 | 20250321121744.0 | ||
| 008 | 960207s1996 enka 001 0 eng | ||
| 020 | _a0521551137 | ||
| 020 | _a0521559138 (pbk.) | ||
| 050 | 0 | 0 |
_aHB135 _b.A62 1996 |
| 082 | 0 | 0 |
_a330 _220 |
| 100 | 1 | _aAnthony, Martin. | |
| 245 | 1 | 0 |
_aMathematics for economics and finance : _bmethods and modelling / _cMartin Anthony and Norman Biggs. |
| 260 |
_aCambridge [England] ; _aNew York : _bCambridge University Press, _c1996. |
||
| 300 |
_a394 p. : _bill. ; _c24 cm. |
||
| 500 | _aIncludes index. | ||
| 650 | 0 | _aEconomics, Mathematical. | |
| 650 | 0 |
_aFinance _xMathematical models. |
|
| 700 | 1 | _aBiggs, Norman. | |
| 856 | 4 | 2 |
_3Publisher description _uhttp://www.loc.gov/catdir/description/cam027/96001581.html |
| 856 | 4 | 1 |
_3Table of contents _uhttp://www.loc.gov/catdir/toc/cam026/96001581.html |
| 942 |
_2lcc _cBK _n0 |
||
| 999 |
_c5038 _d5038 |
||